Quiz Ville - Région - Statistiques

Statistiques générales
  • Ce quiz a été pris 96 fois
  • Le résultat moyen est 19 sur 27
Statistiques - réponses
Question Tuile Select % Correct
Lesquelles de ces villes se trouvent en ile de France ? Dreux Non
95%
Lesquelles de ces villes se trouvent en ile de France ? Evry-Courcouronnes Oui
92%
Lesquelles de ces villes se trouvent en ile de France ? Pontoise Oui
89%
Lesquelles de ces villes se trouvent en Bretagne ? Vesoul Non
85%
Lesquelles de ces villes se trouvent en ile de France ? Mantes-la-jolie Oui
84%
Lesquelles de ces villes se trouvent en Bretagne ? Lisieux Non
82%
Lesquelles de ces villes se trouvent en ile de France ? Compiègne Non
79%
Lesquelles de ces villes se trouvent en Bretagne ? Dinan Oui
79%
Lesquelles de ces villes se trouvent en Alsace ? Bâle Non
78%
Lesquelles de ces villes se trouvent en Bretagne ? Avranches Non
77%
Lesquelles de ces villes se trouvent en Bretagne ? Landerneau Oui
76%
Lesquelles de ces villes se trouvent en ile de France ? Melun Oui
76%
Lesquelles de ces villes se trouvent en ile de France ? Evreux Non
74%
Lesquelles de ces villes se trouvent en Bretagne ? Rochefort Non
73%
Lesquelles de ces villes se trouvent en Bretagne ? Vire Non
73%
Lesquelles de ces villes se trouvent en Alsace ? Belfort Non
69%
Lesquelles de ces villes se trouvent en Alsace ? Epinal Non
68%
Lesquelles de ces villes se trouvent en Bretagne ? Fougères Oui
65%
Lesquelles de ces villes se trouvent en Alsace ? Gérardmer Non
64%
Lesquelles de ces villes se trouvent en Alsace ? Haguenau Oui
62%
Lesquelles de ces villes se trouvent en ile de France ? Creil Non
59%
Lesquelles de ces villes se trouvent en Alsace ? Sarrebruck Non
55%
Lesquelles de ces villes se trouvent en Bretagne ? Vitré Oui
54%
Lesquelles de ces villes se trouvent en Alsace ? Obernai Oui
49%
Lesquelles de ces villes se trouvent en Alsace ? Sélestat Oui
46%
Lesquelles de ces villes se trouvent en Alsace ? Forbach Non
42%
Lesquelles de ces villes se trouvent en ile de France ? Maurepas Oui
25%
Aucun quiz correspondant
Distribution des résultats
% des personnes avec chaque résultat
Percentile par nombre de réponses
Votre historique - résultats
Vous n’avez pas pris ce quiz